000 00615nam a2200205Ia 4500
003 GCL
008 140319s9999 xx 000 0 ara d
020 _a6046472977
040 _aGCL /
_cGCL
082 0 4 _a224.2
_bع ا
100 1 _aعبدالجواد الطيب
245 1 0 _aالاعراب الكامل لايات القران الكريم /
_cعبدالجواد الطيب
250 _aالاولى
260 _aالقاهرة :
_bمكتبة الاداب ،
_c1988
300 _a288 ص ؛
_c24 سم
490 _a
650 0 4 _aالقران - اعراب
650 0 4 _aالقران
942 _2ddc
_cBK
999 _c40872
_d40872